Kompozitné materiály s magnetickými plnivami pre inteligentné pneumatiky dizertačná práca

Salvato in:
Dettagli Bibliografici
Autore principale: Urögiová, Eva
Natura: Libro
Lingua:slovacco
Pubblicazione: Bratislava STU FCHPT v Bratislave 2006
Soggetti:
Accesso online:Visualizza in OPAC
Tags: Aggiungi Tag
Nessun Tag, puoi essere il primo ad aggiungerne!!

MARC

LEADER 00000nam a2200000 a 4500
005 20260127134358.0
008 070227 2006 xo 000 0 slo d
035 |a vtls008949869 
039 9 |a 201601291030  |b mschk03  |c 200702271401  |d mschk03  |y 200702271359  |z mschk03 
040 |a STUSCHK1  |b slo  |c STUSCHK1  |e AACR2 
100 1 |a Urögiová, Eva 
245 1 |a Kompozitné materiály s magnetickými plnivami pre inteligentné pneumatiky  |b dizertačná práca  |c Eva Urögiová 
260 |a Bratislava  |b STU FCHPT v Bratislave  |c 2006 
300 |a 130 s. : il. 
500 |a FCHPT Ústav polymérnych materiálov: odd. plastov a kaučuku 
500 |a Obháj.: 25.9. 2006 
650 0 |a kompozitné materiály 
650 0 |a výroba pneumatík 
650 0 |a magnetické plniva 
910 |a SCHK95 
999 |c 11311  |d 11311